000
00374nam a22001577a 4500
003
MPLRDC
005
20220104123715.0
008
210129b ||||| |||| 00| 0 eng d
082
_a
415.7 JJY
100
_a
纪家源编
245
_a
皮肤病的预防与治疗
_c
260
_a
_b
真善美出版社
_c
300
_b
平
650
_a
皮肤病
942
_c
BK
_o
415.7 JJY
999
_c
13552
_d
13542